| 000 | 00732nam a2200241 a 4500 | ||
|---|---|---|---|
| 001 | 57362 | ||
| 003 | BD-RjUL | ||
| 005 | 20211209080511.0 | ||
| 008 | 161208s1974 enka b 001 0 eng | ||
| 020 |
_a0435822756 : _c£4.50. _a0435822764 |
||
| 035 | _a(BD-RjUL)57486 | ||
| 040 |
_aDLC _cDLC _dBD-RjUL _beng |
||
| 041 | _aeng | ||
| 082 | 0 | 0 |
_a301 _223 _bEKS 1974 |
| 100 | 1 |
_aEkeh, Peter P. _9170368 |
|
| 245 | 1 | 0 |
_aSocial exchange theory : _bthe two traditions / _cPeter P. Ekeh. |
| 260 |
_aLondon : _bHeinemann Educational, _c1974. |
||
| 300 |
_axv, 237 p. : _bill. ; _c23 cm. |
||
| 504 | _aIncludes Bibliographical References and Index | ||
| 650 | 0 |
_aSociology. _9170250 |
|
| 650 | 0 |
_aSocial psychology. _9170365 |
|
| 942 |
_2ddc _cBK |
||
| 999 |
_c57362 _d57362 |
||